LEADER 01737nam a2200265 u 4500 001 000000048354 003 CaOOAMICUS 005 20070226115005.0 008 000427s1997 is u000 u eng u 035 $a10846410 040 $aPUL$bita 245 00$aAequitas and equity :$bequity in Civil Law and Mixed Jurisdictions : papers presented at the Second International Conference on Aequitas and Equity, the Faculty of Law, The Hebrew University of Jerusalem, May 1993 /$cedited by Alfredo Mordechai Rabello ; sponsored by the Israel B. Greene and Sara Mann Greene Fund for Equity Studies. 260 $aJerusalem :$bThe Harry and Michael Sacher Institute for Legislative Research and Comparative Law, The Hebrew University of Jerusalem,$c1997. 300 $a844 p. ;$c26 cm 500 $aIn testa al front.: Greene Fund for Equity Studies. 504 $aBibliografia in nota. 650 4$aEquità.$0(OLS)http://pul/subject/18530 700 1 $aMordechai Rabello, Alfredo.$0(OLS)http://pul/name/30972 710 2 $aGreene Fund for Equity Studies.$0(OLS)http://pul/name/30674 850 $aPUL 852 $aPUL$W1$xSL Diritto e Scienze Sociali 1$y4$m237 F 70$j64451$nBK-PRI$b $qStampati$B64451$CPULBib$Z2$F64451 $H $81 941 1 $a8 961 $aINV: 81174 996 $6245$aAequitas and equity :$bequity in Civil Law and Mixed Jurisdictions : papers presented at the Second International Conference on Aequitas and Equity, the Faculty of Law, The Hebrew University of Jerusalem, May 1993$9(OLS)http://pul/title/65115 996 $6260$aJerusalem :$bThe Harry and Michael Sacher Institute for Legislative Research and Comparative Law, The Hebrew University of Jerusalem$9(OLS)http://pul/publisher/67089 LEADER 01004nam a2200241 u 4500 001 000000048521 003 CaOOAMICUS 005 20070226115016.0 008 000511s1879 it u000 u ita u 035 $a10847348 040 $aPUL(R)$bita 100 1 $aViscosi, Daniele.$0(OLS)http://pul/name/35218 245 12$aL'embriotomia nei suoi rapporti con la Chiesa Cattolica /$cper Daniele Viscosi .. 260 $aNapoli :$bAndrea e Salv. Festa,$c1879. 300 $ax, 332 p. ;$c18 cm 504 $aBibliografia in nota. 650 4$aEmbriologia umana.$0(OLS)http://pul/subject/19215 650 4$aMorale.$0(OLS)http://pul/subject/5288 850 $aPUL 852 $aPUL$W1$xDP1 Antico 800$y27$m515 A 11$j64637$nBK-PRI$b $qStampati Antico$B64637$CPULBib$Z2$F64637 $H $81 941 1 $a15 996 $6245$aL'embriotomia nei suoi rapporti con la Chiesa Cattolica$9(OLS)http://pul/title/65327 996 $6260$aNapoli :$bAndrea e Salv. Festa$9(OLS)http://pul/publisher/67132